| 000 | 00669nam a22001937a 4500 | ||
|---|---|---|---|
| 005 | 20100805160053.0 | ||
| 010 | _aENG-98330 | ||
| 020 |
_a9788190702911 _c40.00 |
||
| 035 | _aEN-81863 | ||
| 037 | _bDBAD/PUB | ||
| 082 | _a536.7 | ||
| 100 |
_aKishor Kumar, J. _97179 |
||
| 245 |
_aThermal physics and statistics / _cby J.Kishor Kumar |
||
| 260 |
_aCoimbatore _bWisdom Based Computing Publishers _c2008 |
||
| 270 |
_bCoimbatore _e641046 |
||
| 300 |
_a138p.: _bill. _c21cm (pbk) |
||
| 942 |
_2ddc _cEN _h536.7 _mKIS |
||
| 999 |
_c39553 _d39553 |
||